Science and Technology Policy Lessons From Japan and the East Asian Nics

Gespeichert in:
Bibliographische Detailangaben
1. Verfasser: Ranis, Gustav
Format: Buch
Sprache:Englisch
Veröffentlicht: New Haven Yale University 1990
Ausgabe:1. ed.
Schriftenreihe:Center Paper No.440
Tags: Tag hinzufügen
Keine Tags, Fügen Sie das erste Tag hinzu!

MARC

LEADER 00000nam a2200000 4500
001 c030061
005 20221215114417.6
041 0 |a eng 
044 |a US 
245 1 0 |a Science and Technology Policy  |b Lessons From Japan and the East Asian Nics  |c Gustav Ranis 
250 |a 1. ed. 
264 1 |a New Haven  |b Yale University  |c 1990 
300 |a S.158-178 
490 1 |a Center Paper  |v No.440 
830 0 |a Center Paper  |v No.440 
100 1 |a Ranis, Gustav